[Event "10th LCC FIDE Open 2018"]
[Site "London"]
[Date "2018.12.12"]
[Round "4"]
[White "Tozer, Philip Aa"]
[Black "Wadsworth, Matthew J"]
[Result "0-1"]
[WhiteElo "2137"]
[BlackElo "2364"]
[Annotator "NA"]
[PlyCount "82"]
[EventDate "2018.12.09"]
[EventType "swiss"]
[EventCountry "ENG"]
[SourceTitle "playchess.com"]
[Source "ChessBase"]
[SourceQuality "1"]
[TimeControl "40/5400+30:1800+30"]

1. c4 {[%emt 0:00:00]} Nf6 {[%emt 0:00:00]} 2. g3 {[%emt 0:00:00]} c6 {[%emt 0:00:00]} 3. Nf3 {[%emt 0:00:00]} d5 {[%emt 0:00:00]} 4. Bg2 {[%emt 0:01:58]} dxc4 {[%emt 0:00:00]} 5. a4 {[%emt 0:00:06]} a5 {[%emt 0:01:29] A11: English Opening: 1...c6} (5... Be6 6. Na3 Bd5 7. Qc2 e5 8. Nxc4 e4 9. Nh4 Na6 10. b3 Bc5 11. Bb2 O-O 12. Nf5 Re8 13. O-O {1-0 (70) Vallejo Pons,F (2711)-Short,N (2646) Madrid 2016}) 6. Na3 {[%emt 0:01:32]} Qd5 {[%emt 0:02:48]} 7. O-O {[%emt 0:01:46]} Be6 {[%emt 0:01:16]} 8. Ne1 $146 {[%emt 0:02:29]} ({Predecessor:} 8. h4 Na6 9. Ng5 Qd7 10. Qc2 Nb4 11. Qc3 Nfd5 12. Qd4 h6 13. Nxe6 Qxe6 14. Qxc4 {½-½ (34) Batyte,D (2154)-Hapala,E (2063) Vienna 2014}) 8... Qh5 {[%emt 0:02:23]} 9. d3 {[%emt 0:06:39]} Na6 {[%emt 0:06:55]} 10. Bd2 {[%emt 0:11:27]} Nc5 {[%emt 0:06:54]} 11. Nxc4 {[%emt 0:04:23]} Bxc4 {[%emt 0:02:25]} 12. dxc4 {[%emt 0:00:05]} O-O-O {[%emt 0:04:21] [#]} 13. Nd3 $1 {[%emt 0:03:13]} Nce4 {[%emt 0:12:26]} 14. Bf3 {[%emt 0:22:02]} Qf5 {[%emt 0:02:56] [#]} 15. b4 {[%emt 0:01:23]} (15. Be3 $142 $1) 15... Nxd2 {[%emt 0:03:35]} 16. Qxd2 {[%emt 0:00:19]} e5 $1 {[%emt 0:00:04]} 17. Qc2 {[%emt 0:06:34]} e4 {[%emt 0:01:26]} 18. Nc5 {[%emt 0:01:45]} Bxc5 {[%emt 0:00:02]} ({Don't do} 18... axb4 19. Nxe4 Kb8 20. Qb1 $15) 19. bxc5 {[%emt 0:00:07]} Rhe8 {[%emt 0:01:33]} 20. Rfd1 {[%emt 0:03:23]} Qxc5 {[%emt 0:01:23]} 21. Rxd8+ {[%emt 0:00:36]} Kxd8 {[%emt 0:00:02]} 22. Bg2 {[%emt 0:00:37]} e3 {[%emt 0:00:07]} 23. f3 {[%emt 0:02:23]} Kc7 {[%emt 0:00:05]} 24. Rd1 {[%emt 0:01:39]} Rd8 {[%emt 0:00:07]} 25. Rxd8 {[%emt 0:00:44]} Kxd8 {[%emt 0:00:01]} 26. Qd3+ {[%emt 0:00:38]} Kc7 {[%emt 0:00:06]} 27. Bh3 {[%emt 0:00:58]} h5 {[%emt 0:01:24]} 28. Kg2 {[%emt 0:00:52]} Qe5 {[%emt 0:01:16]} 29. Bf5 {[%emt 0:05:01]} g6 {[%emt 0:01:00]} 30. Bh3 {[%emt 0:01:47]} h4 {[%emt 0:01:04]} 31. Bg4 {[%emt 0:03:28] [#]} hxg3 $1 {[%emt 0:08:09]} 32. hxg3 {[%emt 0:00:06]} Nxg4 {[%emt 0:12:30]} 33. fxg4 {[%emt 0:00:02]} g5 {[%emt 0:00:17]} 34. Kf3 {[%emt 0:09:05]} f6 {[%emt 0:00:18]} 35. Qh7+ {[%emt 0:03:27]} Kb6 {[%emt 0:03:54]} 36. Qb1+ {[%emt 0:01:00]} Ka6 {[%emt 0:00:01]} 37. Qd3 {[%emt 0:02:25]} b5 {[%emt 0:00:41]} 38. cxb5+ {[%emt 0:01:54]} cxb5 {[%emt 0:00:02]} 39. axb5+ {[%emt 0:01:00]} Qxb5 {[%emt 0:00:02]} 40. Qxe3 {[%emt 0:01:11]} Qc6+ {[%emt 0:00:05]} 41. Kf2 {[%emt 0:02:01] [#]} Qb6 {[%emt 0:00:02]} 0-1

[Event "10th LCC FIDE Open 2018"]
[Site "London"]
[Date "2018.12.12"]
[Round "4"]
[White "Burrows, Martin P"]
[Black "Kueppers, Timo"]
[Result "0-1"]
[WhiteElo "2134"]
[BlackElo "2320"]
[Annotator "TA"]
[PlyCount "88"]
[EventDate "2018.12.09"]
[EventType "swiss"]
[EventCountry "ENG"]
[SourceTitle "playchess.com"]
[Source "ChessBase"]
[SourceQuality "1"]

{[%evp 13,88,14,18,6,12,11,12,-8,-1,2,3,-14,-21,-13,8,-8,0,0,13,8,0,0,40,45,45,27,21,31,58,29,21,14,59,47,50,24,31,29,28,17,22,20,88,0,10,-16,-16,-18,0,-76,-52,-73,-68,-83,-69,-59,-73,-62,-61,-78,-95,-86,-75,-152,-145,-159,-162,-154,-159,-29986,-29987,-29991,-29992,-29994,-29995,-29995,-29996]} 1. e4 c5 2. Nf3 d6 3. Bb5+ Nd7 4. d4 cxd4 5. Qxd4 a6 6. Bxd7+ Bxd7 7. c4 {B51: Sicilian: Moscow Variation (3 Bb5+) without 3...Bd7} (7. Nc3 e5 8. Qd3 Rc8 9. O-O Qc7 10. Rd1 Be6 11. a4 Nf6 12. Nd2 Be7 13. Nf1 Qc4 14. Ne3 Qxd3 15. Rxd3 Kd7 {½-½ (33) Xiong,J (2656)-Vachier Lagrave,M (2780) Douglas 2018}) 7... e6 {[%cal Be7e6,Be6e5][%mdl 32] LiveBook: 4 Games} 8. Bg5 Qc7 9. O-O {The position is equal.} Rc8 10. Nbd2 h6 11. Bh4 (11. Be3 {is interesting.} Nf6 12. e5 dxe5 13. Nxe5 Be7 14. Ndf3) 11... e5 $132 {[%mdl 2048] Black is not keeping still} 12. Qd3 g5 13. Bg3 {[#]} Nf6 $146 ({Predecessor:} 13... Ne7 14. Ne1 b5 15. b3 Bg7 {½-½ (33) Leitao,R (2564)-Kritz,L (2534) Tripoli 2004}) 14. Rfd1 Be7 15. Rac1 Be6 16. b3 Nd7 17. Nf1 O-O 18. Ne3 Qa5 19. Qb1 b5 20. Nd2 Qb6 21. Re1 Qa7 22. Qd3 Qb8 23. f3 Bd8 24. Kh1 Bb6 25. Nf5 Bxf5 $1 26. exf5 Bd4 27. Ne4 bxc4 (27... Nc5 $11 {remains equal.} 28. Qe2 bxc4) 28. bxc4 (28. Rxc4 $16 Qb6 29. Rec1 Rxc4 30. Qxc4) 28... Nc5 $11 29. Qd2 Nxe4 30. fxe4 Qa7 31. f6 (31. Qe2 $11 {keeps the balance.}) 31... Qd7 32. Qe2 Qe6 33. Rf1 Kh7 34. Bf2 Bxf2 35. Rxf2 Rg8 {[%cal Bf8g8,Bg8g6,Bg6g4,Bg4h4][%mdl 32]} 36. h3 Rg6 37. Qf1 g4 38. hxg4 ({Better is} 38. Rcc2) 38... Rxg4 $17 ({Resist} 38... Qxg4 39. Qd3 $17) 39. Qd3 Rh4+ 40. Kg1 Qg4 41. Qxd6 $2 {[#]} (41. Rcf1 $17) 41... Qh5 {[%csl Gh5][%cal Rh4h1] Black mates.} 42. Rfc2 Rg8 43. Qc5 Rh1+ 44. Kf2 Qh4+ {[%mdl 64] Double Attack. Accuracy: White = 34%, Black = 80%.} 0-1

[Event "10th LCC FIDE Open 2018"]
[Site "London"]
[Date "2018.12.12"]
[Round "4"]
[White "Bhawoodien, Mohamed Ozayr"]
[Black "Ronka, Erik"]
[Result "0-1"]
[WhiteElo "2123"]
[BlackElo "2281"]
[Annotator "NA"]
[PlyCount "82"]
[EventDate "2018.12.09"]
[EventType "swiss"]
[EventCountry "ENG"]
[SourceTitle "playchess.com"]
[Source "ChessBase"]
[SourceQuality "1"]
[TimeControl "40/5400+30:1800+30"]

1. b3 {[%emt 0:03:17]} e5 {[%emt 0:00:38]} 2. Bb2 {[%emt 0:00:11]} Nc6 {[%emt 0:00:02]} 3. e3 {[%emt 0:00:13]} Nf6 {[%emt 0:00:03]} 4. Bb5 {[%emt 0:02:35]} Bd6 {[%emt 0:00:03]} 5. Na3 {[%emt 0:00:34]} e4 {[%emt 0:00:22] A01: Nimzowitsch-Larsen Opening} 6. Nc4 {[%emt 0:07:23]} Be7 {[%emt 0:01:21]} 7. Bxc6 {[%emt 0:03:13]} bxc6 {[%emt 0:01:40] LiveBook: 18 Games} 8. f3 {[%emt 0:04:52]} (8. Ne2 a5 9. O-O a4 10. d3 exd3 11. cxd3 axb3 12. axb3 Rxa1 13. Qxa1 {1-0 (27) Karjakin,S (2782)-Giri,A (2782) Leuven 2018}) 8... d5 $146 {[%emt 0:04:53]} ({Predecessor:} 8... O-O 9. Ne2 d5 10. Ne5 Qe8 11. O-O Bd6 12. f4 c5 13. Ng3 {0-1 (40) Incecik,S (1698)-Ozbek,B (1822) Antalya 2018}) 9. Ne5 {[%emt 0:00:40]} Bb7 {[%emt 0:01:55]} 10. fxe4 {[%emt 0:02:21]} dxe4 {[%emt 0:01:26]} (10... Nxe4 $11 11. Ne2 Bf6) 11. Nh3 {[%emt 0:05:30]} O-O {[%emt 0:02:24]} 12. O-O {[%emt 0:00:46]} c5 {[%emt 0:11:18]} 13. Nf4 {[%emt 0:12:38]} a5 {[%emt 0:15:56]} 14. a4 {[%emt 0:03:21]} Nd5 {[%emt 0:26:22]} 15. Nh5 {[%emt 0:05:38]} f5 {[%emt 0:01:53]} 16. Nxg7 {[%emt 0:05:16]} Bc8 {[%emt 0:02:46]} 17. Nc6 {[%emt 0:10:54]} Qd6 {[%emt 0:01:04]} 18. Nxe7+ {[%emt 0:00:10]} Nxe7 {[%emt 0:00:45]} 19. Nh5 {[%emt 0:01:45]} Ba6 {[%emt 0:05:06]} 20. Rf2 {[%emt 0:03:33]} c4 {[%emt 0:00:13]} 21. g4 {[%emt 0:03:46]} f4 {[%emt 0:04:10]} 22. exf4 {[%emt 0:06:20]} ({But not} 22. Rxf4 Rxf4 23. exf4 (23. Nxf4 Ng6 $16) 23... Qb6+ 24. Kg2 Nd5) ({Weaker is} 22. Nxf4 Nd5 $16) 22... Ng6 {[%emt 0:02:25]} 23. f5 {[%emt 0:06:12]} (23. Qe1 $142) 23... Nh4 {[%emt 0:01:12]} 24. g5 {[%emt 0:01:49]} Nf3+ {[%emt 0:04:31]} 25. Rxf3 {[%emt 0:02:09]} exf3 {[%emt 0:00:01]} 26. Qxf3 {[%emt 0:00:51]} Qb6+ {[%emt 0:01:14]} 27. Kf1 {[%emt 0:02:02]} c3+ $1 {[%emt 0:00:32] Discovered Attack (Double check)} 28. d3 $19 {[%emt 0:00:27]} Bb7 {[%emt 0:03:35]} 29. Qf4 {[%emt 0:00:40]} Qc6 {[%emt 0:02:09]} 30. Bxc3 {[%emt 0:00:22]} Qxc3 {[%emt 0:02:44]} 31. Re1 {[%emt 0:00:06]} Qc6 {[%emt 0:00:53]} 32. Re7 {[%emt 0:01:08]} Rf7 {[%emt 0:01:48]} 33. Qe5 {[%emt 0:01:41]} Qf3+ {[%emt 0:00:25]} 34. Ke1 {[%emt 0:00:08]} Rxe7 {[%emt 0:00:28]} 35. Nf6+ {[%emt 0:01:08]} Kf7 {[%emt 0:00:21]} 36. g6+ {[%emt 0:00:10]} hxg6 {[%emt 0:00:01]} 37. fxg6+ {[%emt 0:00:05]} Kxg6 {[%emt 0:00:11]} 38. Qxe7 {[%emt 0:00:10]} Qxf6 {[%emt 0:00:06]} 39. Qxc7 {[%emt 0:00:09]} Re8+ {[%emt 0:00:22]} 40. Kd2 {[%emt 0:00:08]} Qg5+ {[%emt 0:00:23]} 41. Kc3 {[%emt 0:30:19]} Rc8 {[%emt 0:30:07]} 0-1

[Event "10th LCC FIDE Open 2018"]
[Site "London"]
[Date "2018.12.12"]
[Round "4"]
[White "Sperling, Lennart"]
[Black "Dauletova, Gulmira"]
[Result "1-0"]
[WhiteElo "2116"]
[BlackElo "2261"]
[Annotator "RC"]
[PlyCount "141"]
[EventDate "2018.12.09"]
[EventType "swiss"]
[EventCountry "ENG"]
[SourceTitle "playchess.com"]
[Source "ChessBase"]
[SourceQuality "1"]
[TimeControl "40/5400+30:1800+30"]

1. d4 {[%emt 0:00:00]} Nf6 {[%emt 0:00:00]} 2. c4 {[%emt 0:00:00]} e6 {[%emt 0:00:33]} 3. g3 {[%emt 0:00:00]} d5 {[%emt 0:00:25]} 4. Bg2 {[%emt 0:00:00]} Bb4+ {[%emt 0:01:20]} 5. Bd2 {[%emt 0:00:37]} Be7 {[%emt 0:00:07]} 6. Nf3 {[%emt 0:00:39]} O-O {[%emt 0:00:21]} 7. O-O {[%emt 0:00:23]} Nbd7 {[%emt 0:00:19]} 8. Qc2 {[%emt 0:01:32]} Ne4 {[%emt 0:00:34]} 9. Bf4 {[%emt 0:03:08]} c6 {[%emt 0:00:17]} 10. Nbd2 {[%emt 0:00:21]} g5 {[%emt 0:01:42]} 11. Be3 {[%emt 0:04:38]} f5 {[%emt 0:05:41]} 12. Nxe4 {[%emt 0:04:52]} fxe4 {[%emt 0:08:34]} 13. Nd2 {[%emt 0:04:30]} Bf6 {[%emt 0:03:25]} 14. f3 {[%emt 0:03:42]} exf3 {[%emt 0:03:13]} 15. Nxf3 {[%emt 0:03:25]} Nb6 {[%emt 0:17:33]} 16. b3 {[%emt 0:04:33]} Bd7 {[%emt 0:00:37]} 17. c5 {[%emt 0:03:34]} Nc8 {[%emt 0:00:02]} 18. Qd2 {[%emt 0:00:09]} b6 {[%emt 0:13:11]} 19. Bxg5 {[%emt 0:06:18]} Bxg5 {[%emt 0:03:15]} 20. Nxg5 {[%emt 0:00:34]} Rf5 {[%emt 0:09:44]} 21. Nf3 {[%emt 0:10:00]} Ne7 {[%emt 0:04:20]} 22. Bh3 {[%emt 0:01:38]} Rf8 {[%emt 0:10:00]} 23. Ng5 {[%emt 0:03:16]} Nf5 {[%emt 0:00:31]} 24. e4 {[%emt 0:01:26]} Ng7 {[%emt 0:02:44]} 25. Rxf8+ {[%emt 0:03:26]} Qxf8 {[%emt 0:00:01]} 26. Rf1 {[%emt 0:05:06]} Qe8 {[%emt 0:00:02]} 27. Qf4 {[%emt 0:02:06]} bxc5 {[%emt 0:02:17]} 28. dxc5 {[%emt 0:03:38]} Qe7 {[%emt 0:06:46]} 29. Qh4 {[%emt 0:02:32]} h5 {[%emt 0:02:12]} 30. b4 {[%emt 0:01:25]} Rf8 {[%emt 0:00:13]} 31. Rxf8+ {[%emt 0:04:59]} Qxf8 {[%emt 0:00:01]} 32. exd5 {[%emt 0:00:40]} cxd5 {[%emt 0:00:33]} 33. Qf4 {[%emt 0:00:44]} Qxf4 {[%emt 0:01:10]} 34. gxf4 {[%emt 0:00:03]} Kf8 {[%emt 0:00:32]} 35. Nf3 {[%emt 0:01:05]} Ke7 {[%emt 0:00:44]} 36. Nd4 {[%emt 0:01:28]} Ne8 {[%emt 0:01:45]} 37. b5 {[%emt 0:00:59]} Nf6 {[%emt 0:01:12]} 38. a4 {[%emt 0:01:15]} Ne4 {[%emt 0:00:47]} 39. c6 {[%emt 0:04:12]} Bc8 {[%emt 0:00:01]} 40. a5 {[%emt 0:00:21]} Nc5 {[%emt 0:02:40]} 41. b6 {[%emt 0:30:25]} axb6 {[%emt 0:30:09]} 42. axb6 {[%emt 0:00:05]} Kd6 {[%emt 0:00:00]} 43. b7 {[%emt 0:00:00]} Bxb7 {[%emt 0:00:00]} 44. cxb7 {[%emt 0:00:00]} Nxb7 {[%emt 0:00:00]} 45. Bxe6 {[%emt 0:00:00]} Kc5 {[%emt 0:00:00]} 46. Nf3 {[%emt 0:00:00]} Nd6 {[%emt 0:00:00]} 47. Kf2 {[%emt 0:00:00]} d4 {[%emt 0:00:00]} 48. Ke2 {[%emt 0:00:00]} Ne4 {[%emt 0:00:00]} 49. Ng5 {[%emt 0:00:00]} Nc3+ {[%emt 0:00:00]} 50. Kd3 {[%emt 0:00:00]} Kd6 {[%emt 0:00:00]} 51. Kxd4 {[%emt 0:00:00]} Nb5+ {[%emt 0:00:03]} 52. Ke3 {[%emt 0:00:00]} Ke7 {[%emt 0:00:13]} 53. Bf7 {[%emt 0:00:00]} h4 {[%emt 0:00:26]} 54. Bg6 {[%emt 0:00:00]} Nd6 {[%emt 0:01:09]} 55. Bd3 {[%emt 0:00:00]} Ne8 {[%emt 0:00:32]} 56. Nf3 {[%emt 0:00:00]} Kf6 {[%emt 0:02:52]} 57. Nxh4 {[%emt 0:00:00]} Nc7 {[%emt 0:00:23]} 58. Be4 {[%emt 0:00:00]} Ne6 {[%emt 0:00:09]} 59. Nf3 {[%emt 0:00:00]} Ng7 {[%emt 0:00:15]} 60. Ne5 {[%emt 0:00:00]} Ne6 {[%emt 0:00:41]} 61. Ng4+ {[%emt 0:00:00]} Kg7 {[%emt 0:00:25]} 62. h4 {[%emt 0:00:00]} Kh8 {[%emt 0:01:26]} 63. f5 {[%emt 0:00:00]} Nc5 {[%emt 0:01:09]} 64. Bd5 {[%emt 0:00:00]} Kg7 {[%emt 0:00:25]} 65. Kf4 {[%emt 0:00:00]} Nd7 {[%emt 0:00:40]} 66. Kg5 {[%emt 0:00:00]} Nf8 {[%emt 0:00:53]} 67. f6+ {[%emt 0:00:00]} Kh8 {[%emt 0:00:25]} 68. Ne5 {[%emt 0:00:00]} Kh7 {[%emt 0:00:09]} 69. Be4+ {[%emt 0:00:00]} Kg8 {[%emt 0:00:32]} 70. Bf5 {[%emt 0:00:00]} Kh8 {[%emt 0:01:42]} 71. Ng6+ {[%emt 0:00:00]} 1-0

[Event "10th LCC FIDE Open 2018"]
[Site "London"]
[Date "2018.12.12"]
[Round "4"]
[White "Johnson, Daniel"]
[Black "Richardson, John R"]
[Result "1/2-1/2"]
[WhiteElo "2111"]
[BlackElo "2242"]
[Annotator "NA"]
[PlyCount "61"]
[EventDate "2018.12.09"]
[EventType "swiss"]
[EventCountry "ENG"]
[SourceTitle "playchess.com"]
[Source "ChessBase"]
[SourceQuality "1"]
[TimeControl "40/5400+30:1800+30"]

1. d4 {[%emt 0:05:46]} Nf6 {[%emt 0:00:00]} 2. c4 {[%emt 0:00:04]} e6 {[%emt 0:00:00]} 3. Nc3 {[%emt 0:00:09]} Bb4 {[%emt 0:00:00]} 4. Qc2 {[%emt 0:00:06]} O-O {[%emt 0:00:00]} 5. Nf3 {[%emt 0:00:17]} c5 {[%emt 0:00:18]} 6. dxc5 {[%emt 0:00:20]} Na6 {[%emt 0:00:12]} 7. g3 {[%emt 0:00:41]} Nxc5 {[%emt 0:00:16]} 8. Bg2 {[%emt 0:00:17]} Nce4 {[%emt 0:00:23]} 9. Bd2 {[%emt 0:01:09]} Nxd2 {[%emt 0:00:06]} 10. Nxd2 {[%emt 0:00:15]} a6 {[%emt 0:00:09]} 11. O-O {[%emt 0:01:18] E39: Nimzo-Indian: Classical: 4...c5 5 dxc5 0-0} Rb8 {[%emt 0:00:21]} (11... Be7 12. Rfd1 Qc7 13. Rac1 Rb8 14. Qd3 Rd8 15. Nde4 Ng4 16. Qd4 d6 17. Qa7 Bd7 18. Nb5 Qa5 19. Nexd6 {1-0 (29) Li,S (2520)-Ni,H (2646) Xinghua Jiangsu 2011}) 12. e4 {[%emt 0:02:20]} Qc7 {[%emt 0:00:18]} 13. a3 {[%emt 0:13:08]} Be7 {[%emt 0:00:05]} 14. Qd3 $146 {[%emt 0:06:38]} ({Predecessor:} 14. b4 d6 15. Qd3 b6 16. Rac1 Bb7 17. f4 Rbc8 18. Ne2 Rfe8 {½-½ (56) Malmstroem,J-Oliveros,T UECC Email 2000}) 14... b6 {[%emt 0:04:37]} 15. Rac1 {[%emt 0:07:38]} Bb7 {[%emt 0:01:00]} 16. h3 {[%emt 0:02:01]} d6 {[%emt 0:03:51]} 17. Kh2 {[%emt 0:07:14]} b5 {[%emt 0:21:35]} 18. cxb5 {[%emt 0:09:10]} axb5 {[%emt 0:06:12]} 19. Nd5 {[%emt 0:20:34]} Qd8 {[%emt 0:01:06]} 20. Nxe7+ {[%emt 0:00:22]} Qxe7 {[%emt 0:00:01]} 21. Rfe1 {[%emt 0:04:51]} h5 {[%emt 0:04:02]} 22. Nb3 {[%emt 0:01:25]} h4 {[%emt 0:00:26]} 23. Na5 {[%emt 0:02:02]} hxg3+ {[%emt 0:00:41]} 24. fxg3 {[%emt 0:00:25]} Nd7 {[%emt 0:04:39]} (24... Ba8 $11 {keeps the balance.}) 25. Rcd1 {[%emt 0:06:15]} Ne5 {[%emt 0:03:09]} 26. Qxd6 {[%emt 0:00:44]} Qg5 {[%emt 0:00:04]} 27. Qd2 {[%emt 0:03:13]} Qh5 {[%emt 0:03:23]} 28. Qe2 {[%emt 0:00:25]} Qg5 $11 {[%emt 0:05:07]} 29. Qd2 {[%emt 0:00:17]} Qh5 {[%emt 0:00:28]} 30. Qe2 {[%emt 0:00:47]} Qg5 {[%emt 0:00:17]} 31. Qd2 {[%emt 0:01:42]} 1/2-1/2

[Event "10th LCC FIDE Open 2018"]
[Site "London"]
[Date "2018.12.12"]
[Round "4"]
[White "Dahl, Baard"]
[Black "Signorelli, Gaetano"]
[Result "0-1"]
[WhiteElo "2097"]
[BlackElo "2222"]
[Annotator "ChessBase"]
[PlyCount "56"]
[EventDate "2018.12.09"]
[EventType "swiss"]
[EventCountry "ENG"]
[SourceTitle "playchess.com"]
[Source "ChessBase"]
[SourceQuality "1"]
[TimeControl "40/5400+30:1800+30"]

1. e4 {[%emt 0:00:00]} d5 {[%emt 0:00:00]} 2. exd5 {[%emt 0:00:00]} Nf6 {[%emt 0:00:00]} 3. c4 {[%emt 0:00:20]} e6 {[%emt 0:00:02]} 4. dxe6 {[%emt 0:06:29]} Bxe6 {[%emt 0:00:06]} 5. Be2 {[%emt 0:01:51]} Nc6 {[%emt 0:00:37]} 6. Nf3 {[%emt 0:01:16]} Bc5 {[%emt 0:00:18]} 7. O-O {[%emt 0:07:18]} O-O {[%emt 0:01:51]} 8. Nc3 {[%emt 0:04:41]} Bf5 {[%emt 0:11:14]} 9. Na4 {[%emt 0:08:13]} Bd4 {[%emt 0:03:04]} 10. d3 {[%emt 0:12:48]} Re8 {[%emt 0:02:18]} 11. Re1 {[%emt 0:27:46]} Ng4 {[%emt 0:12:41]} 12. Nxd4 {[%emt 0:01:52]} Qxd4 {[%emt 0:00:08]} 13. Bxg4 {[%emt 0:03:16]} Bxg4 {[%emt 0:00:11]} 14. Qd2 {[%emt 0:01:41]} Rxe1+ {[%emt 0:06:00]} 15. Qxe1 {[%emt 0:00:02]} Qxd3 {[%emt 0:01:43]} 16. h3 {[%emt 0:01:35]} Bxh3 {[%emt 0:37:06]} 17. gxh3 {[%emt 0:02:39]} Nd4 {[%emt 0:00:05]} 18. Qe3 {[%emt 0:05:32]} Qg6+ {[%emt 0:01:18]} 19. Kf1 {[%emt 0:06:13]} Nc2 {[%emt 0:00:13]} 20. Qe2 {[%emt 0:04:03]} Nxa1 {[%emt 0:00:44]} 21. Nc3 {[%emt 0:00:05]} Qc2 {[%emt 0:05:27]} 22. Qe3 {[%emt 0:00:39]} Rd8 {[%emt 0:00:15]} 23. b3 {[%emt 0:00:45]} Qd3+ {[%emt 0:00:32]} 24. Qxd3 {[%emt 0:00:15]} Rxd3 {[%emt 0:00:05]} 25. Bb2 {[%emt 0:00:56]} Nc2 {[%emt 0:00:12]} 26. Nd5 {[%emt 0:00:55]} c6 {[%emt 0:01:46]} 27. Nf4 {[%emt 0:01:09]} Rd7 {[%emt 0:03:06]} 28. Nh5 {[%emt 0:00:25]} Nd4 {[%emt 0:01:44]} 0-1

[Event "10th LCC FIDE Open 2018"]
[Site "London"]
[Date "2018.12.12"]
[Round "4"]
[White "Gerlach, Felix Tobias"]
[Black "Britton, Richard L"]
[Result "1/2-1/2"]
[WhiteElo "2050"]
[BlackElo "2186"]
[Annotator "RC"]
[PlyCount "83"]
[EventDate "2018.12.09"]
[EventType "swiss"]
[EventCountry "ENG"]
[SourceTitle "playchess.com"]
[Source "ChessBase"]
[SourceQuality "1"]
[TimeControl "40/5400+30:1800+30"]

1. c4 {[%emt 2:02:25]} Nf6 {[%emt 0:00:06]} 2. g3 {[%emt 0:00:06]} g6 {[%emt 0:00:56]} 3. Bg2 {[%emt 0:00:05]} Bg7 {[%emt 0:00:03]} 4. Nc3 {[%emt 0:00:07]} O-O {[%emt 0:00:06]} 5. e4 {[%emt 0:00:06]} c5 {[%emt 0:02:35]} 6. Nge2 {[%emt 0:00:46]} Nc6 {[%emt 0:00:05]} 7. O-O {[%emt 0:00:16]} d6 {[%emt 0:02:04]} 8. d3 {[%emt 0:01:19]} a6 {[%emt 0:00:44]} 9. h3 {[%emt 0:00:45]} Ne8 {[%emt 0:06:10]} 10. Be3 {[%emt 0:01:35]} e5 {[%emt 0:04:23]} 11. f4 {[%emt 0:11:46]} exf4 {[%emt 0:01:33]} 12. Nxf4 {[%emt 0:04:46]} Nc7 {[%emt 0:04:16]} 13. a4 {[%emt 0:03:57]} Rb8 {[%emt 0:01:26]} 14. Nfd5 {[%emt 0:51:54]} Nxd5 {[%emt 0:11:45]} 15. cxd5 {[%emt 0:00:46]} Nd4 {[%emt 0:04:17]} 16. Rb1 {[%emt 0:03:17]} a5 {[%emt 0:07:11]} 17. Qd2 {[%emt 0:03:51]} b5 {[%emt 0:12:20]} 18. Nxb5 {[%emt 0:00:40]} Nxb5 {[%emt 0:00:08]} 19. axb5 {[%emt 0:00:05]} Rxb5 {[%emt 0:00:07]} 20. d4 {[%emt 0:00:30]} cxd4 {[%emt 0:03:49]} 21. Bxd4 {[%emt 0:00:12]} Bxd4+ {[%emt 0:04:34]} 22. Qxd4 {[%emt 0:00:08]} Rb4 {[%emt 0:00:26]} 23. Qa7 {[%emt 0:01:14]} Rb3 {[%emt 0:02:46]} 24. g4 {[%emt 0:03:43]} Bd7 {[%emt 0:04:12]} 25. Rf2 {[%emt 0:01:03]} Bb5 {[%emt 0:02:31]} 26. Rc1 {[%emt 0:01:35]} Qg5 {[%emt 0:15:25]} 27. Rc7 {[%emt 0:02:45]} Qe3 {[%emt 0:00:06]} 28. Qxe3 {[%emt 0:01:59]} Rc3 {[%emt 0:00:04]} 29. Qd3 Rxd3 30. Rf4 {[%emt 0:00:16]} Re3 31. Rf6 Bd3 {[%emt 0:17:59]} 32. Rxd6 {[%emt 0:01:41]} Re1+ {[%emt 0:00:06]} 33. Kh2 {[%emt 0:01:48]} Re2 {[%emt 0:00:34]} 34. Kg3 {[%emt 0:00:58]} Bxe4 {[%emt 0:01:11]} 35. Bxe4 {[%emt 0:01:04]} Rxe4 {[%emt 0:00:05]} 36. Ra6 {[%emt 0:00:20]} Rb8 {[%emt 0:01:03]} 37. Rxa5 {[%emt 0:00:51]} Rb3+ {[%emt 0:01:29]} 38. Rc3 {[%emt 0:00:08]} Rxb2 {[%emt 0:01:23]} 39. Ra7 {[%emt 0:00:46]} Rd2 {[%emt 0:02:33]} 40. Rf3 {[%emt 0:00:18]} f5 {[%emt 0:00:14]} 41. gxf5 {[%emt 0:00:33]} Rxd5 {[%emt 0:00:04]} 42. fxg6 {[%emt 0:01:04]} 1/2-1/2

[Event "10th LCC FIDE Open 2018"]
[Site "London"]
[Date "2018.12.12"]
[Round "4"]
[White "Wilks, Simon"]
[Black "Barrish, Daniel"]
[Result "1/2-1/2"]
[WhiteElo "2019"]
[BlackElo "2252"]
[Annotator "TA"]
[PlyCount "100"]
[EventDate "2018.12.09"]
[EventType "swiss"]
[EventCountry "ENG"]
[SourceTitle "playchess.com"]
[Source "ChessBase"]
[SourceQuality "1"]

{[%evp 16,100,20,14,35,38,47,24,22,31,33,31,68,25,36,17,69,1,5,0,0,-26,-21,-30,-25,-21,-23,-20,-25,-66,-48,-45,-43,-41,-40,-26,-22,-42,-31,-60,-11,-20,39,29,35,33,38,40,33,-54,20,19,22,15,56,38,88,104,83,86,143,97,198,185,193,193,187,96,89,89,89,85,83,85,92,86,94,93,95,86,85,85,93,90,93,86,97]} 1. e4 c5 2. Nf3 e6 3. b3 Nf6 4. e5 Nd5 5. Bb2 Nc6 6. g3 Be7 7. c4 {B40: Sicilian: 2...e6, Unusual lines} Nc7 8. Bg2 O-O 9. O-O {LiveBook: 12 Games. The position is equal.} b5 10. Na3 Ba6 11. d3 Rb8 12. Qe2 $146 ({Predecessor:} 12. Re1 f6 13. exf6 Bxf6 14. Bxf6 Qxf6 15. Nc2 d5 16. Ne3 {½-½ (42) Svoboda,V (2266)-Votava,J (2579) Czechia 2010}) 12... d5 13. exd6 $1 Qxd6 14. Nc2 f6 15. Rad1 e5 (15... Qd7 $11) 16. Rfe1 (16. Nh4 $14 Bc8 17. Qh5) 16... Rfe8 17. Nh4 Bf8 $1 18. Nf5 Qd7 19. Qg4 Kh8 20. Nfe3 Qxg4 21. Nxg4 Nd4 22. Na3 b4 23. Nb1 $1 Red8 24. Ne3 Rb6 25. Nd2 Bc8 26. h3 Ra6 27. Ra1 g6 28. a3 Bh6 (28... Nde6 $11) 29. axb4 $14 Bxe3 30. fxe3 Nc2 31. Rxa6 Nxa6 32. Rc1 (32. Rf1 $14) 32... Ncxb4 ({Black should play} 32... Nxe3 $15 33. b5 Rxd3) 33. Ne4 $11 Kg7 34. Bf1 Bf5 ({Avoid the trap} 34... Nxd3 $2 35. Rd1 $18) 35. Nf2 $1 Nc6 ({Wrong is} 35... Nxd3 $2 36. Bxd3 Bxd3 37. Rd1 $18) (35... Bxd3 $2 36. Rd1 $18) 36. g4 $36 {[%mdl 2048] White is really pushing.} Be6 37. Bc3 Nab4 (37... Bc8 $142) 38. Ra1 Bc8 {[#]} (38... f5 $16) 39. Bxb4 $1 $18 Nxb4 40. Rxa7+ Rd7 41. Rxd7+ (41. Ra5 $18) 41... Bxd7 {[%mdl 4096] Endgame KBN-KBN. White is better.} 42. Ne4 Na6 43. Be2 f5 44. Nc3 Kf6 45. Kg2 Bc6+ 46. Kg3 Ke6 47. gxf5+ gxf5 48. Na2 Kf6 49. h4 h6 50. Bd1 Kg6 {Accuracy: White = 57%, Black = 46%.} 1/2-1/2